[Event "OPEN PLZEN 2021"]
[Site "Plzen (Ceska republika)"]
[Date "2021.08.26"]
[Round "6.4"]
[White "Šeterle, Matěj"]
[Black "Mametev, Artem"]
[Result "1-0"]
[WhiteElo "1870"]
[BlackElo "1734"]
[PlyCount "97"]
[EventDate "2021.08.23"]

1. d3 d5 2. Nf3 Nf6 3. c3 c5 4. Bg5 e6 5. Nbd2 Nc6 6. Qc2 Be7 7. e4 O-O 8. Be2
Qc7 9. O-O Bd7 10. a3 Rac8 11. Rac1 a6 12. h3 b5 13. b4 c4 14. d4 dxe4 15. Nxe4
Nxe4 16. Qxe4 h6 17. Bxe7 Nxe7 18. Ne5 Bc6 19. Nxc6 Qxc6 20. Qxc6 Rxc6 21. Bf3
Nd5 22. Rfe1 Ra8 23. Bxd5 exd5 24. Re5 Rd6 25. Rce1 Rc8 26. a4 Rcc6 27. axb5
axb5 28. Re8+ Kh7 29. Rb8 Rb6 30. Rxb6 Rxb6 31. Re5 Rd6 32. Re7 Ra6 33. Rxf7
Ra3 34. Rf3 Kg6 35. g4 Rb3 36. Kg2 Ra3 37. Kg3 h5 38. gxh5+ Kg5 39. h6 gxh6 40.
h4+ Kg6 41. Kg4 h5+ 42. Kf4 Kf6 43. Re3 Rb3 44. f3 Ra3 45. Re5 Rxc3 46. Rxd5
Rb3 47. Rxb5 c3 48. Ke4 Rb1 49. Kd3 1-0

[Event "OPEN PLZEN 2021"]
[Site "Plzen (Ceska republika)"]
[Date "2021.08.26"]
[Round "6.5"]
[White "Vlk, Miloslav"]
[Black "Hodan, Jiří"]
[Result "0-1"]
[WhiteElo "1965"]
[BlackElo "1873"]
[PlyCount "60"]
[EventDate "2021.08.23"]

1. c4 f5 2. Nc3 Nf6 3. g3 e5 4. Bg2 c6 5. d4 e4 6. e3 d5 7. cxd5 Nxd5 8. Nge2
Bb4 9. O-O Na6 10. a3 Bxc3 11. bxc3 O-O 12. c4 Nb6 13. c5 Nd5 14. Qb3 b6 15.
cxb6 Qxb6 16. Qxb6 axb6 17. Bd2 c5 18. Rfc1 Be6 19. Bf1 Kf7 20. dxc5 Nxc5 21.
Nd4 Rfc8 22. Bc4 g6 23. Nxe6 Kxe6 24. Bb4 Nd3 25. Bxd5+ Kxd5 26. Rd1 Rc2 27.
Rab1 Rac8 28. Be7 Ke6 29. Bb4 R8c6 30. Rd2 Nxb4 0-1

[Event "OPEN PLZEN 2021"]
[Site "Plzen (Ceska republika)"]
[Date "2021.08.26"]
[Round "6.6"]
[White "Tauš, Martin"]
[Black "Kalista, Karel"]
[Result "1-0"]
[WhiteElo "2099"]
[BlackElo "1631"]
[PlyCount "99"]
[EventDate "2021.08.23"]

1. d4 Nf6 2. Nc3 d5 3. Bf4 e6 4. e3 Bb4 5. Bd3 O-O 6. Nge2 c5 7. dxc5 Bxc5 8.
O-O Nc6 9. Bg5 Ne5 10. Nf4 Nxd3 11. cxd3 b6 12. d4 Be7 13. Bxf6 Bxf6 14. Nd3
Ba6 15. f4 Rc8 16. Rf2 Bxd3 17. Qxd3 Qd7 18. Rc2 Rc7 19. Rac1 Rfc8 20. Ne2 g6
21. Rxc7 Rxc7 22. Rxc7 Qxc7 23. Nc3 Qc4 24. Qxc4 dxc4 25. Nb5 a6 26. Nc7 a5 27.
Nb5 Be7 28. Kf2 Kf8 29. Ke2 Ke8 30. Kd2 Bb4+ 31. Kc2 a4 32. a3 Ba5 33. Nd6+ Kd7
34. Nxc4 Kc6 35. Nxa5+ bxa5 36. g4 f5 37. g5 Kb5 38. Kc3 Kb6 39. Kc4 Kc6 40. h3
Kb6 41. d5 exd5+ 42. Kxd5 Kb5 43. h4 Kb6 44. e4 fxe4 45. Kxe4 Kc5 46. f5 gxf5+
47. Kxf5 Kd6 48. g6 hxg6+ 49. Kxg6 Ke7 50. Kg7 1-0

[Event "OPEN PLZEN 2021"]
[Site "Plzen (Ceska republika)"]
[Date "2021.08.26"]
[Round "6.7"]
[White "Chudek, Lubomír"]
[Black "Krátký, Josef"]
[Result "1-0"]
[WhiteElo "1777"]
[BlackElo "2058"]
[PlyCount "85"]
[EventDate "2021.08.23"]

1. e4 e6 2. d4 d5 3. exd5 exd5 4. Nf3 Bd6 5. Bd3 Bg4 6. h3 Bh5 7. c3 Nf6 8. Bg5
O-O 9. O-O h6 10. Be3 c6 11. Nbd2 Re8 12. g4 Bg6 13. Bxg6 fxg6 14. g5 hxg5 15.
Bxg5 Qd7 16. Bxf6 gxf6 17. Qc2 Qh7 18. Kg2 Nd7 19. Rae1 Qh6 20. Qd3 Nf8 21. Rh1
Ne6 22. Kf1 Nf4 23. Qb1 Kf7 24. h4 Qh5 25. Re3 Qg4 26. Rg1 Qh3+ 27. Ke1 Ng2+
28. Ke2 Rxe3+ 29. fxe3 Re8 30. h5 Rxe3+ 31. Kd1 Nf4 32. hxg6+ Kg7 33. Rf1 Rd3
34. Kc2 Qf5 35. Kb3 c5 36. dxc5 Bxc5 37. Ne1 Qd7 38. Nxd3 Qb5+ 39. Nb4 Ne6 40.
Qd3 Qb6 41. Kc2 Bxb4 42. cxb4 Qxb4 43. Kb1 1-0

[Event "OPEN PLZEN 2021"]
[Site "Plzen (Ceska republika)"]
[Date "2021.08.26"]
[Round "6.8"]
[White "Pevný, František"]
[Black "Zoufalý, Petr"]
[Result "0-1"]
[WhiteElo "1703"]
[BlackElo "1669"]
[PlyCount "78"]
[EventDate "2021.08.23"]

1. d4 d5 2. c4 c6 3. g3 Nf6 4. Bg2 e6 5. Nf3 Be7 6. O-O O-O 7. Nc3 Nbd7 8. cxd5
exd5 9. Re1 Nb6 10. Qc2 Be6 11. Ne5 g6 12. Bh6 Re8 13. a3 Ng4 14. Nxg4 Bxg4 15.
f3 Bf5 16. e4 dxe4 17. fxe4 Bg4 18. Be3 Rc8 19. h3 Be6 20. Rad1 Bg5 21. Bf2 Qc7
22. Qb1 Bb3 23. Rd3 Be6 24. g4 Rcd8 25. b3 Qe7 26. d5 Bc8 27. b4 Bh4 28. Bc5
Qd7 29. Rf1 Be7 30. d6 Bf8 31. Rdf3 Bxd6 32. Bxd6 Qxd6 33. Ne2 Be6 34. Nf4 Bc4
35. Re1 Rd7 36. Bf1 Bxf1 37. Rfxf1 Qd4+ 38. Kg2 Rde7 39. Kf3 Nc4 0-1

[Event "OPEN PLZEN 2021"]
[Site "Plzen (Ceska republika)"]
[Date "2021.08.26"]
[Round "6.10"]
[White "Štěpánek, Vít"]
[Black "Roubal, František"]
[Result "1-0"]
[WhiteElo "1520"]
[BlackElo "1215"]
[PlyCount "31"]
[EventDate "2021.08.23"]

1. e4 e6 2. d4 d5 3. Nd2 dxe4 4. Nxe4 Be7 5. Nf3 Nf6 6. Bd3 Bd7 7. O-O Bc6 8.
Nxf6+ Bxf6 9. c3 h6 10. Re1 Nd7 11. Bf4 Bxf3 12. Qxf3 c6 13. Rad1 Bg5 14. Bg3
Bh4 15. Bd6 Be7 16. Rxe6 1-0

[Event "OPEN PLZEN 2021"]
[Site "Plzen (Ceska republika)"]
[Date "2021.08.26"]
[Round "6.11"]
[White "Fakan, Petr"]
[Black "Macho, Miloslav"]
[Result "0-1"]
[WhiteElo "1291"]
[BlackElo "1645"]
[PlyCount "46"]
[EventDate "2021.08.23"]

1. e4 Nf6 2. Nc3 e5 3. f4 d5 4. fxe5 Nxe4 5. Nf3 Bg4 6. d4 Bb4 7. Bd2 Bxf3 8.
Qxf3 Nxd2 9. Kxd2 Qg5+ 10. Ke1 Qh4+ 11. Qf2 Qe7 12. a3 Bxc3+ 13. bxc3 f6 14.
Qf5 Nd7 15. Kd2 fxe5 16. dxe5 Rf8 17. Qh5+ g6 18. Qe2 O-O-O 19. g3 Nc5 20. Bh3+
Kb8 21. Bg2 Ne4+ 22. Bxe4 dxe4+ 23. Ke3 Qxe5 0-1

[Event "OPEN PLZEN 2021"]
[Site "Plzen (Ceska republika)"]
[Date "2021.08.26"]
[Round "6.12"]
[White "Pešek, Petr"]
[Black "Hodl, Vojtěch"]
[Result "0-1"]
[WhiteElo "1039"]
[BlackElo "1370"]
[PlyCount "101"]
[EventDate "2021.08.23"]

1. e4 e6 2. d4 d5 3. e5 c5 4. c3 Nc6 5. Nf3 Qb6 6. Be3 Nh6 7. Bd3 Nf5 8. Bxf5
exf5 9. Nbd2 Qxb2 10. Qc1 Qxc1+ 11. Rxc1 cxd4 12. cxd4 Bb4 13. O-O O-O 14. Ra1
f4 15. Bxf4 Bc3 16. Rad1 Nxd4 17. Nxd4 Bxd4 18. Nf3 Bb6 19. Rxd5 Be6 20. Rd2
Rfd8 21. Rxd8+ Rxd8 22. a3 h6 23. h3 g5 24. Be3 Bxe3 25. fxe3 Rd3 26. Kf2 Rxa3
27. Rb1 b6 28. Nd4 Bd5 29. Nf5 Kh7 30. Rc1 Kg6 31. Ne7+ Kg7 32. Nxd5 Ra5 33.
Rd1 b5 34. Rd4 Ra2+ 35. Kf3 a5 36. Nb4 Ra4 37. e6 fxe6 38. Rd7+ Kf6 39. Nc6 Ra1
40. Nxa5 Rxa5 41. Rb7 Ke5 42. Rc7 Kd6 43. Rc1 b4 44. Rc8 Kd5 45. e4+ Kd4 46.
Ke2 Ra2+ 47. Kf3 b3 48. Rc1 b2 49. Rb1 Kc3 50. Ke2 Ra1 51. Rxb2 0-1

[Event "OPEN PLZEN 2021"]
[Site "Plzen (Ceska republika)"]
[Date "2021.08.27"]
[Round "7.1"]
[White "Flajšman, Pavel"]
[Black "Janouš, Marek"]
[Result "1/2-1/2"]
[WhiteElo "2179"]
[BlackElo "1965"]
[PlyCount "86"]
[EventDate "2021.08.23"]

1. Nf3 d5 2. d4 Nf6 3. g3 c5 4. Bg2 g6 5. O-O cxd4 6. Nxd4 Bg7 7. c4 O-O 8. Nb3
dxc4 9. Qxd8 Rxd8 10. Na5 Nc6 11. Nxc6 bxc6 12. Bxc6 Rb8 13. Nc3 Be6 14. Rd1
Rxd1+ 15. Nxd1 Nd5 16. Bxd5 Bxd5 17. Bf4 Rb7 18. Nc3 Be6 19. Rd1 h6 20. Rd8+
Kh7 21. Rb8 Rxb8 22. Bxb8 a6 23. Ba7 Bd7 24. Bc5 e6 25. h4 g5 26. hxg5 hxg5 27.
f3 Kg6 28. Kf2 f5 29. Bb6 Bc6 30. Bc5 Kh5 31. Bb6 Bf6 32. Bc5 Kg6 33. Bb6 Kf7
34. Bc5 Ke8 35. Bb6 Kd7 36. Bc5 Kc8 37. Bd6 Kb7 38. Bc5 Kc7 39. Ke1 Kd7 40. Kf2
Ke8 41. Bb6 Kf7 42. Bc5 Kg6 43. Bb6 Kf7 1/2-1/2

[Event "OPEN PLZEN 2021"]
[Site "Plzen (Ceska republika)"]
[Date "2021.08.27"]
[Round "7.2"]
[White "Pokrupa, Marek"]
[Black "Záhorbenský, Jaroslav"]
[Result "1/2-1/2"]
[WhiteElo "2137"]
[BlackElo "2086"]
[PlyCount "81"]
[EventDate "2021.08.23"]

1. Nf3 d5 2. g3 Nf6 3. Bg2 c6 4. c4 Bf5 5. cxd5 cxd5 6. Qb3 Qc8 7. Nc3 e6 8. d3
Be7 9. Bf4 O-O 10. Nb5 Nc6 11. Nd6 Bxd6 12. Bxd6 Rd8 13. Bf4 h6 14. Rc1 Qd7 15.
O-O Qe7 16. Ne5 Nd4 17. Qd1 Rac8 18. Qd2 Nd7 19. g4 Bh7 20. Nf3 Nxf3+ 21. Bxf3
e5 22. Bg3 e4 23. Bg2 Ne5 24. Rxc8 Rxc8 25. Qf4 Nd7 26. Rc1 Rxc1+ 27. Qxc1 exd3
28. exd3 Bxd3 29. Bxd5 Nf6 30. Bf3 Qe6 31. Qe3 Qxe3 32. fxe3 Ne4 33. Be5 f6 34.
Bd4 a6 35. Bd1 Bc4 36. Bf3 Bd3 37. Bd1 Bc4 38. Bc2 Bd5 39. a4 Kf7 40. h3 Ng5
41. h4 1/2-1/2

[Event "OPEN PLZEN 2021"]
[Site "Plzen (Ceska republika)"]
[Date "2021.08.27"]
[Round "7.3"]
[White "Šeterle, Matěj"]
[Black "Langmajer, Jan"]
[Result "0-1"]
[WhiteElo "1870"]
[BlackElo "1801"]
[PlyCount "46"]
[EventDate "2021.08.23"]

1. d3 e5 2. Nf3 d6 3. c3 Be7 4. Qc2 f5 5. e4 Nf6 6. Bg5 fxe4 7. dxe4 O-O 8.
Nbd2 Be6 9. Bc4 Bxc4 10. Nxc4 Nbd7 11. Ncd2 Kh8 12. h3 Nh5 13. Bxe7 Qxe7 14. g3
Rf7 15. O-O Raf8 16. Kg2 Nc5 17. Nh4 g6 18. Nc4 Nf4+ 19. gxf4 Qxh4 20. f3 Ne6
21. fxe5 Ng5 22. Nd2 Nxh3 23. e6 Nf4+ 0-1

[Event "OPEN PLZEN 2021"]
[Site "Plzen (Ceska republika)"]
[Date "2021.08.27"]
[Round "7.4"]
[White "Kubát, Miroslav"]
[Black "Tauš, Martin"]
[Result "0-1"]
[WhiteElo "2012"]
[BlackElo "2099"]
[PlyCount "58"]
[EventDate "2021.08.23"]

1. e4 e6 2. d4 d5 3. e5 c5 4. c3 Nc6 5. Nf3 Qb6 6. Be2 Nh6 7. O-O cxd4 8. cxd4
Nf5 9. Nc3 Nfxd4 10. Nxd4 Qxd4 11. Qxd4 Nxd4 12. Bd3 Be7 13. Be3 Nc6 14. Nb5
O-O 15. f4 Bd7 16. a3 a6 17. Nd6 f6 18. Nxb7 d4 19. exf6 gxf6 20. Bd2 Rfb8 21.
Na5 Nxa5 22. Bxa5 Rxb2 23. Be4 Rc8 24. Rfb1 Bxa3 25. Rxb2 Bxb2 26. Ra2 Bc3 27.
Bb7 Rc5 28. Bd8 d3 29. Bxa6 Bd4+ 0-1

[Event "OPEN PLZEN 2021"]
[Site "Plzen (Ceska republika)"]
[Date "2021.08.27"]
[Round "7.5"]
[White "Hodan, Jiří"]
[Black "Chudek, Lubomír"]
[Result "1-0"]
[WhiteElo "1873"]
[BlackElo "1777"]
[PlyCount "43"]
[EventDate "2021.08.23"]

1. d4 Nf6 2. c4 g6 3. Nc3 Bg7 4. e4 d6 5. Nf3 O-O 6. h3 Nbd7 7. Be2 e5 8. d5
Nc5 9. Qc2 a5 10. Be3 b6 11. O-O Ne8 12. Nd2 f5 13. f3 Qh4 14. Kh2 Bh6 15. g3
Qf6 16. Bxh6 Rf7 17. f4 exf4 18. Bxf4 g5 19. Be3 f4 20. gxf4 gxf4 21. Rxf4 Qh6
22. Rg4+ 1-0

[Event "OPEN PLZEN 2021"]
[Site "Plzen (Ceska republika)"]
[Date "2021.08.27"]
[Round "7.6"]
[White "Burda, Otto"]
[Black "Vlk, Miloslav"]
[Result "0-1"]
[WhiteElo "1797"]
[BlackElo "1965"]
[PlyCount "70"]
[EventDate "2021.08.23"]

1. d4 d5 2. Nd2 Nf6 3. c4 c6 4. Ngf3 Bf5 5. e3 e6 6. cxd5 exd5 7. Be2 Bd6 8.
O-O O-O 9. b3 Nbd7 10. Bb2 Re8 11. Rc1 h6 12. h3 Re6 13. Ne1 Qe7 14. Bd3 Bxd3
15. Nxd3 Ne4 16. Nf3 Re8 17. Rc2 Ng5 18. Nfe5 f6 19. f4 fxe5 20. dxe5 Bc5 21.
Nxc5 Nxc5 22. fxg5 Qxg5 23. Rcf2 Ne4 24. Rf4 Rg6 25. Qc2 Qh5 26. Rxe4 dxe4 27.
Qxe4 Qg5 28. Qf3 Kh7 29. Rf2 Rge6 30. Qf5+ Qxf5 31. Rxf5 Kg6 32. g4 c5 33. Kf2
Rd8 34. Ke2 Rd7 35. Rf4 b5 $138 0-1

[Event "OPEN PLZEN 2021"]
[Site "Plzen (Ceska republika)"]
[Date "2021.08.27"]
[Round "7.7"]
[White "Zoufalý, Petr"]
[Black "Štěpánek, Vít"]
[Result "1/2-1/2"]
[WhiteElo "1669"]
[BlackElo "1520"]
[PlyCount "96"]
[EventDate "2021.08.23"]

1. d4 d5 2. Nf3 Nf6 3. e3 Bf5 4. Nbd2 Nbd7 5. c4 c6 6. Be2 e6 7. a3 Be7 8. Nh4
Be4 9. Nxe4 Nxe4 10. Nf3 Qa5+ 11. Bd2 Nxd2 12. Nxd2 dxc4 13. Bxc4 Nb6 14. O-O
Nd5 15. b4 Qc7 16. Qg4 O-O 17. Rfc1 Nf6 18. Qf3 Bd6 19. g3 Rfe8 20. Nb3 b6 21.
e4 Be7 22. d5 exd5 23. exd5 c5 24. Bb5 Nd7 25. Bc6 Ne5 26. Qd1 Nxc6 27. bxc5
bxc5 28. dxc6 Qxc6 29. Na5 Qa6 30. Nc4 Bf6 31. Rab1 Rad8 32. Qb3 Bd4 33. Qb7
Qf6 34. Rf1 Re2 35. Ne3 Qe6 36. Qf3 Ra2 37. Nf5 Qf6 38. Nxd4 Qxd4 39. Rfd1 Rd2
40. Re1 Rd3 41. Qe2 h6 42. Qe7 Rxa3 43. Rbd1 Rd3 44. Rxd3 Qxd3 45. Qxc5 a6 46.
Ra1 Qe4 47. Qa5 Ra8 48. Ra4 Qb1+ 1/2-1/2

[Event "OPEN PLZEN 2021"]
[Site "Plzen (Ceska republika)"]
[Date "2021.08.27"]
[Round "7.8"]
[White "Mametev, Artem"]
[Black "Pevný, František"]
[Result "1-0"]
[WhiteElo "1734"]
[BlackElo "1703"]
[PlyCount "29"]
[EventDate "2021.08.23"]

1. e4 g6 2. d4 Bg7 3. Nc3 d6 4. Be3 Nf6 5. f3 O-O 6. Qd2 Nbd7 7. g4 c5 8. O-O-O
Qa5 9. Kb1 a6 10. Nd5 Qxd2 11. Nxe7+ Kh8 12. Rxd2 Re8 13. Nxc8 Raxc8 14. dxc5
dxc5 15. g5 1-0

[Event "OPEN PLZEN 2021"]
[Site "Plzen (Ceska republika)"]
[Date "2021.08.27"]
[Round "7.9"]
[White "Krátký, Josef"]
[Black "Hodl, Vojtěch"]
[Result "1-0"]
[WhiteElo "2058"]
[BlackElo "1370"]
[PlyCount "53"]
[EventDate "2021.08.23"]

1. e4 e6 2. Nf3 d5 3. e5 Ne7 4. d4 Nf5 5. Bd3 c5 6. c3 Nc6 7. dxc5 Bxc5 8. b4
Be7 9. b5 Na5 10. Nd4 Nxd4 11. cxd4 Qb6 12. Be3 Nc4 13. Qb3 Nxe3 14. fxe3 O-O
15. O-O Bd7 16. Nc3 Bg5 17. Rf3 g6 18. Na4 Qa5 19. Nc5 Bc8 20. Qc2 Qc7 21. Qf2
Qe7 22. Rf1 b6 23. Nb3 Bb7 24. g3 a6 25. h4 Bxh4 26. gxh4 axb5 27. Rf6 1-0

[Event "OPEN PLZEN 2021"]
[Site "Plzen (Ceska republika)"]
[Date "2021.08.27"]
[Round "7.10"]
[White "Macho, Miloslav"]
[Black "Kalista, Karel"]
[Result "1-0"]
[WhiteElo "1645"]
[BlackElo "1631"]
[PlyCount "77"]
[EventDate "2021.08.23"]

1. e4 e5 2. Nf3 Nf6 3. Nc3 Nc6 4. Bb5 d6 5. d4 exd4 6. Nxd4 Bd7 7. Nxc6 bxc6 8.
Ba4 Be7 9. Bf4 O-O 10. O-O Rb8 11. Rb1 Rb7 12. e5 Ne8 13. exd6 cxd6 14. Qf3 d5
15. Ne2 Bc5 16. Be5 f6 17. Bd4 Bd6 18. c4 Nc7 19. cxd5 cxd5 20. Bxd7 Qxd7 21.
Nc3 Be5 22. Rfd1 Qe6 23. Nxd5 Bxh2+ 24. Kxh2 Qxd5 25. Qxd5+ Nxd5 26. Bxa7 Rxa7
27. Rxd5 Rxa2 28. Rb5 Rd8 29. Rb7 h6 30. Rc1 Rd5 31. f4 Kh7 32. Rcc7 Kg6 33.
Rxg7+ Kf5 34. Rb4 Rd2 35. Rgb7 Kg4 36. R7b5 f5 37. Rb8 Ra1 38. Rg8+ Kh4 39. Rb3
1-0

[Event "OPEN PLZEN 2021"]
[Site "Plzen (Ceska republika)"]
[Date "2021.08.27"]
[Round "7.12"]
[White "Fakan, Petr"]
[Black "Pešek, Petr"]
[Result "1-0"]
[WhiteElo "1291"]
[BlackElo "1039"]
[PlyCount "71"]
[EventDate "2021.08.23"]

1. e4 e5 2. Nf3 Nc6 3. d4 exd4 4. Bc4 Bc5 5. c3 dxc3 6. Qd5 Qe7 7. Nxc3 Nf6 8.
Qd3 O-O 9. O-O d6 10. Bg5 Nb4 11. Qe2 c6 12. a3 b5 13. axb4 bxc4 14. bxc5 Bg4
15. Rad1 dxc5 16. h3 Bh5 17. g4 Bg6 18. e5 h6 19. Bxf6 gxf6 20. Rd6 fxe5 21.
Qxe5 Qxe5 22. Nxe5 Rfc8 23. Nxc6 f6 24. Ne7+ Kf8 25. Nxc8 Rxc8 26. Rxf6+ Kg7
27. Ra6 Bd3 28. Rxa7+ Kf8 29. Re1 Kg8 30. f4 Kf8 31. Ree7 Bg6 32. f5 Be8 33.
Nd5 c3 34. bxc3 c4 35. f6 Rd8 36. f7 1-0

[Event "OPEN PLZEN 2021"]
[Site "Plzen (Ceska republika)"]
[Date "2021.08.28"]
[Round "8.1"]
[White "Tauš, Martin"]
[Black "Langmajer, Jan"]
[Result "0-1"]
[WhiteElo "2099"]
[BlackElo "1801"]
[PlyCount "47"]
[EventDate "2021.08.23"]

1. c4 e6 2. g3 Nf6 3. Bg2 d5 4. Nf3 c6 5. O-O Nbd7 6. d4 Bd6 7. Nbd2 O-O 8. Qc2
e5 9. cxd5 cxd5 10. dxe5 Nxe5 11. Nxe5 Bxe5 12. Nf3 Bd6 13. Be3 Be6 14. Bd4 Ne4
15. Rac1 f5 16. Be5 Rc8 17. Qb3 Bxe5 18. Nxe5 Nd2 19. Qxb7 Nxf1 20. Rxc8 Qxc8
21. Qxc8 Rxc8 22. Bxf1 Rc2 23. Nd3 d4 24. a4 0-1

[Event "OPEN PLZEN 2021"]
[Site "Plzen (Ceska republika)"]
[Date "2021.08.28"]
[Round "8.2"]
[White "Záhorbenský, Jaroslav"]
[Black "Flajšman, Pavel"]
[Result "1/2-1/2"]
[WhiteElo "2086"]
[BlackElo "2179"]
[PlyCount "88"]
[EventDate "2021.08.23"]

1. e4 c5 2. Nf3 Nf6 3. e5 Nd5 4. b3 Nc6 5. Bb2 d6 6. Bb5 Bd7 7. exd6 exd6 8.
O-O Nc7 9. Re1+ Be6 10. Bxc6+ bxc6 11. d4 cxd4 12. Nxd4 Qd7 13. c4 Be7 14. Nxe6
Nxe6 15. Qg4 h5 16. Qf5 Kf8 17. Nd2 Re8 18. Rad1 Nc5 19. Qxd7 Nxd7 20. Ne4 Rh6
21. Nxd6 Bxd6 22. Bxg7+ Kxg7 23. Rxe8 Nf8 24. Ra8 Bc5 25. Kf1 Rf6 26. f3 h4 27.
h3 Ng6 28. a3 Bxa3 29. Rxa7 Bb4 30. Rdd7 Nf4 31. Rdb7 c5 32. Re7 Kg6 33. Re4
Bc3 34. Ra8 Kg7 35. Rc8 Bb4 36. Ra8 Bc3 37. Rc8 Bb4 38. Ra8 Ng6 39. Ke2 Nf4+
40. Kf2 Bc3 41. Kf1 Bd2 42. Rd8 Ba5 43. Ra8 Bc3 44. Rc8 Bb4 1/2-1/2

[Event "OPEN PLZEN 2021"]
[Site "Plzen (Ceska republika)"]
[Date "2021.08.28"]
[Round "8.3"]
[White "Hodan, Jiří"]
[Black "Pokrupa, Marek"]
[Result "0-1"]
[WhiteElo "1873"]
[BlackElo "2137"]
[PlyCount "48"]
[EventDate "2021.08.23"]

1. e4 c5 2. c3 Nf6 3. e5 Nd5 4. d4 cxd4 5. cxd4 Nc6 6. Nc3 Nxc3 7. bxc3 g6 8.
h4 h5 9. Bd3 d6 10. Qa4 dxe5 11. Nf3 exd4 12. Bf4 Bg7 13. Be5 O-O 14. Bxg7 Kxg7
15. Rd1 e5 16. Bb5 Bg4 17. Rd2 Bxf3 18. gxf3 Qf6 19. Bxc6 bxc6 20. cxd4 Qxf3
21. Rg1 Qe4+ 22. Kf1 c5 23. Re2 Qb1+ 24. Kg2 Qb7+ 0-1

[Event "OPEN PLZEN 2021"]
[Site "Plzen (Ceska republika)"]
[Date "2021.08.28"]
[Round "8.4"]
[White "Janouš, Marek"]
[Black "Mametev, Artem"]
[Result "0-1"]
[WhiteElo "1965"]
[BlackElo "1734"]
[PlyCount "78"]
[EventDate "2021.08.23"]

1. e4 c5 2. Nf3 d6 3. Bb5+ Bd7 4. c4 Nc6 5. Nc3 Nf6 6. O-O g6 7. d4 cxd4 8.
Nxd4 Bg7 9. f3 O-O 10. Be3 Rc8 11. Rc1 Ne5 12. b3 h5 13. Qd2 a6 14. Bxd7 Qxd7
15. Nd5 Nxd5 16. exd5 b5 17. cxb5 axb5 18. h3 Qb7 19. f4 Nd7 20. Nc6 Nf6 21. f5
e6 22. fxe6 fxe6 23. Qc2 Nxd5 24. Rxf8+ Kxf8 25. Bg5 Kg8 26. Qxg6 Qd7 27. Bf6
Rxc6 28. Rxc6 Nxf6 29. Rc2 d5 30. Qg3 Qa7+ 31. Kh1 Qd4 32. Qg6 Qa1+ 33. Kh2
Qe5+ 34. g3 Qb8 35. h4 Qe8 36. Qg5 Kh7 37. a4 bxa4 38. Rc7 Qf8 39. bxa4 Ng4+
0-1

[Event "OPEN PLZEN 2021"]
[Site "Plzen (Ceska republika)"]
[Date "2021.08.28"]
[Round "8.5"]
[White "Vlk, Miloslav"]
[Black "Šeterle, Matěj"]
[Result "1-0"]
[WhiteElo "1965"]
[BlackElo "1870"]
[PlyCount "67"]
[EventDate "2021.08.23"]

1. c4 d6 2. g3 Nf6 3. Bg2 c6 4. d4 Qc7 5. Nc3 e5 6. e3 Bf5 7. Nge2 Nbd7 8. O-O
Be7 9. b4 O-O 10. Qb3 a6 11. Bb2 Rac8 12. Rac1 b6 13. Rfd1 c5 14. a3 Rfd8 15.
b5 cxd4 16. exd4 a5 17. Nd5 Nxd5 18. cxd5 Bc2 19. Qe3 Bxd1 20. Rxc7 Rxc7 21.
dxe5 Rc2 22. Nc3 Rxb2 23. Nxd1 Rxb5 24. e6 Ne5 25. f4 Nc4 26. exf7+ Kxf7 27.
Qe6+ Kf8 28. Be4 Bf6 29. Bxh7 Re8 30. Qd7 Rxd5 31. Bg6 Rxd1+ 32. Kg2 Re2+ 33.
Kh3 Rde1 34. Qf7# 1-0

[Event "OPEN PLZEN 2021"]
[Site "Plzen (Ceska republika)"]
[Date "2021.08.28"]
[Round "8.6"]
[White "Štěpánek, Vít"]
[Black "Krátký, Josef"]
[Result "0-1"]
[WhiteElo "1520"]
[BlackElo "2058"]
[PlyCount "80"]
[EventDate "2021.08.23"]

1. d4 Nf6 2. Bf4 c5 3. e3 d5 4. Nf3 Nc6 5. Be2 Bf5 6. O-O e6 7. Nbd2 h6 8. c3
Qb6 9. Qb3 c4 10. Qxb6 axb6 11. b3 Ba3 12. bxc4 Bb2 13. Rae1 Bxc3 14. cxd5 Nxd5
15. Bc4 Nxf4 16. exf4 Nxd4 17. Re3 Bxd2 18. Nxd2 O-O 19. Ne4 Rfc8 20. Nd6 Rc6
21. Nxf5 Nxf5 22. Rc3 Rac8 23. Rfc1 b5 24. g4 Rxc4 25. Rxc4 Rxc4 26. Rb1 Nd4
27. f5 exf5 28. gxf5 Rc1+ 29. Rxc1 Ne2+ 30. Kf1 Nxc1 31. a3 Na2 32. Ke2 Nc3+
33. Kd3 Nb1 34. Kc2 Nxa3+ 35. Kb3 Nc4 36. Kb4 Nd6 37. f6 gxf6 38. f3 Kg7 39.
Kc5 b6+ 40. Kxd6 b4 0-1

[Event "OPEN PLZEN 2021"]
[Site "Plzen (Ceska republika)"]
[Date "2021.08.28"]
[Round "8.7"]
[White "Macho, Miloslav"]
[Black "Kubát, Miroslav"]
[Result "0-1"]
[WhiteElo "1645"]
[BlackElo "2012"]
[PlyCount "64"]
[EventDate "2021.08.23"]

1. Nf3 f5 2. c4 Nf6 3. Nc3 g6 4. g3 Bg7 5. Bg2 d6 6. O-O e5 7. d3 O-O 8. Bg5 h6
9. Bd2 Nc6 10. e3 Ne7 11. Qc2 g5 12. e4 f4 13. Nd5 Ng6 14. gxf4 Nxd5 15. cxd5
Nxf4 16. Bxf4 gxf4 17. Rac1 Rf7 18. Kh1 Bg4 19. Rg1 Qd7 20. Qe2 Kh7 21. Rc3 Rg8
22. Rgc1 Bf6 23. Qc2 Bd8 24. d4 Qe7 25. dxe5 dxe5 26. Rd3 Rfg7 27. Rdd1 Bh5 28.
Ne1 f3 29. Nxf3 Rxg2 30. Qc3 Qf6 31. Rd3 Qf4 32. Qxe5 Qxc1+ 0-1

[Event "OPEN PLZEN 2021"]
[Site "Plzen (Ceska republika)"]
[Date "2021.08.28"]
[Round "8.8"]
[White "Chudek, Lubomír"]
[Black "Zoufalý, Petr"]
[Result "1-0"]
[WhiteElo "1777"]
[BlackElo "1669"]
[PlyCount "101"]
[EventDate "2021.08.23"]

1. e4 e5 2. Nf3 Nc6 3. Bc4 Be7 4. O-O Nf6 5. Re1 O-O 6. d3 d6 7. Nbd2 Na5 8.
Bb3 Bg4 9. c3 Nxb3 10. Qxb3 b6 11. d4 Nd7 12. Qc2 Bh5 13. Qd3 Bg6 14. Qe3 f5
15. dxe5 f4 16. Qd4 Nxe5 17. Nxe5 dxe5 18. Qxe5 Bd6 19. Qd4 Qh4 20. Nf3 Qe7 21.
e5 Rae8 22. Bd2 Bc5 23. Qc4+ Bf7 24. Qxf4 Bd5 25. Qg3 Bxf3 26. gxf3 Qe6 27. b4
Be7 28. Qg4 Rf5 29. f4 Ref8 30. Be3 Qg6 31. Qxg6 hxg6 32. Rad1 Rd8 33. Rxd8+
Bxd8 34. Rd1 Rf8 35. Kg2 Kf7 36. Kf3 Ke6 37. Ke4 Be7 38. Rg1 Kf7 39. f5 gxf5+
40. Kxf5 Rd8 41. Ke4 c6 42. f4 g6 43. a4 Rh8 44. Rg2 Rc8 45. a5 bxa5 46. bxa5
a6 47. Rb2 Bd8 48. Rb7+ Rc7 49. Rb8 Bh4 50. Bb6 Rd7 51. Rc8 1-0

[Event "OPEN PLZEN 2021"]
[Site "Plzen (Ceska republika)"]
[Date "2021.08.28"]
[Round "8.9"]
[White "Hodl, Vojtěch"]
[Black "Burda, Otto"]
[Result "1/2-1/2"]
[WhiteElo "1370"]
[BlackElo "1797"]
[PlyCount "51"]
[EventDate "2021.08.23"]

1. c4 e5 2. Nc3 Nf6 3. g3 d5 4. e3 Nc6 5. cxd5 Nxd5 6. Bg2 Nb6 7. Nge2 Be6 8.
O-O Be7 9. d4 exd4 10. exd4 Nb4 11. Bxb7 Rb8 12. Bg2 O-O 13. Re1 Bc4 14. Nf4
Bf6 15. d5 g6 16. a3 Bxc3 17. bxc3 N4xd5 18. Qd4 Nxf4 19. Bxf4 Qxd4 20. cxd4
Rbd8 21. Rad1 Nd5 22. Bxd5 Bxd5 23. Bxc7 Rd7 24. Ba5 Rc8 25. Re3 f6 26. h4
1/2-1/2

[Event "OPEN PLZEN 2021"]
[Site "Plzen (Ceska republika)"]
[Date "2021.08.28"]
[Round "8.11"]
[White "Pevný, František"]
[Black "Fakan, Petr"]
[Result "1-0"]
[WhiteElo "1703"]
[BlackElo "1291"]
[PlyCount "57"]
[EventDate "2021.08.23"]

1. d4 Nf6 2. c4 c5 3. d5 d6 4. Nc3 e6 5. Nf3 Be7 6. g3 exd5 7. cxd5 Nbd7 8. Bg2
O-O 9. O-O a6 10. a4 Rb8 11. a5 b5 12. axb6 Nxb6 13. Nd2 Bf5 14. Rxa6 Qc8 15.
Ra7 Re8 16. e4 Bh3 17. Re1 Bxg2 18. Kxg2 Qg4 19. f3 Qg6 20. Qe2 Nh5 21. Nf1 Bg5
22. Bxg5 Qxg5 23. Kh1 f5 24. f4 Qh6 25. e5 dxe5 26. fxe5 Nc8 27. Ra6 g6 28. d6
Rb6 29. d7 1-0

[Event "OPEN PLZEN 2021"]
[Site "Plzen (Ceska republika)"]
[Date "2021.08.29"]
[Round "9.2"]
[White "Pokrupa, Marek"]
[Black "Mametev, Artem"]
[Result "1-0"]
[WhiteElo "2137"]
[BlackElo "1734"]
[PlyCount "69"]
[EventDate "2021.08.23"]

1. Nf3 Nf6 2. c4 b6 3. g3 Bb7 4. Bg2 e6 5. O-O Be7 6. Nc3 O-O 7. Qc2 d5 8. cxd5
exd5 9. d4 c5 10. Rd1 Qc7 11. Bf4 Qc8 12. Nb5 Na6 13. Nd6 Bxd6 14. Bxd6 Re8 15.
dxc5 bxc5 16. Rac1 Qe6 17. Bxc5 Rac8 18. b4 Nxb4 19. Qb2 Na6 20. Nd4 Qd7 21.
Bxa7 Ba8 22. Qb6 Qa4 23. Qb3 Qd7 24. Bb6 Rb8 25. a4 Qd6 26. a5 Nd7 27. Rb1 g6
28. e3 Rec8 29. Nb5 Qe6 30. Ba7 Nac5 31. Qa3 Rxb5 32. Rxb5 Qa6 33. Rxc5 Nxc5
34. Bxc5 Qc4 35. Rc1 1-0